[Event "Bad Woerishofen Sen"]
[Site "Bad Woerishofen"]
[Date "2001.??.??"]
[Round "9"]
[White "Forth, Bernhard"]
[Black "Perk, Egbert"]
[Result "1-0"]
[WhiteElo "1895"]
[BlackElo "2071"]
[Annotator "ChessOrg"]
[PlyCount "111"]
[EventDate "1998.03.05"]
[Source "ChessBase"]
[SourceDate "1998.04.29"]

1. e4 d6 2. d4 Nd7 3. Bd3 Ngf6 4. c4 e5 5. d5 Be7 6. Nc3 Nf8 7. f3 a6 8. Be3
Bd7 9. Nge2 Ng6 10. Qd2 Nh5 11. O-O-O Nhf4 12. Nxf4 exf4 13. Bd4 Bf6 14. Be2 b6
15. g3 Be5 16. Bxe5 dxe5 17. Rhg1 O-O 18. Kb1 Qf6 19. g4 Qd6 20. Rc1 Rfb8 21.
Nd1 Ra7 22. Qc2 Qc5 23. Rf1 Nh4 24. Bd3 g5 25. Ka1 b5 26. Qc3 Qe7 27. c5 b4 28.
Qc4 c6 29. Rf2 a5 30. Rb1 Bc8 31. d6 Qf6 32. Qc1 Ng6 33. Bc4 Nf8 34. Rd2 Be6
35. Nf2 Bxc4 36. Qxc4 Ne6 37. Rbd1 Nd4 38. Rxd4 exd4 39. Qxd4 Qxd4 40. Rxd4 f6
41. Nd3 Kf7 42. e5 Re8 43. d7 Rd8 44. Rd6 Raxd7 45. e6+ Ke7 46. Rxd7+ Rxd7 47.
exd7 Kxd7 48. b3 Ke6 49. Kb2 Kd5 50. a3 Kd4 51. axb4 axb4 52. Nxb4 Kxc5 53. Kc3
Kd6 54. Nd3 Kd5 55. b4 h6 56. h3 1-0

[Event "Bad Woerishofen Sen"]
[Site "Bad Woerishofen"]
[Date "2001.??.??"]
[Round "1"]
[White "Franz, Irma"]
[Black "Gensbauer, Viktor"]
[Result "0-1"]
[WhiteElo "1370"]
[BlackElo "1778"]
[Annotator "ChessOrg"]
[PlyCount "85"]
[EventDate "1998.03.05"]
[Source "ChessBase"]
[SourceDate "1998.04.29"]

1. d4 Nf6 2. Nf3 d5 3. e3 Bf5 4. Nbd2 Ne4 5. c4 e6 6. c5 c6 7. h3 Be7 8. Be2
O-O 9. O-O Nd7 10. Nh2 e5 11. Bg4 Bxg4 12. Qxg4 Ndf6 13. Qf5 exd4 14. exd4 Re8
15. Ndf3 g6 16. Qf4 Nh5 17. Qe3 Nef6 18. Ne5 Qc7 19. Qf3 Bxc5 20. dxc5 Qxe5 21.
Ng4 Nxg4 22. hxg4 Ng7 23. Qf4 Qxf4 24. Bxf4 Re4 25. g3 Rae8 26. a3 Ne6 27. Bd6
Rxg4 28. Rfe1 Re4 29. b4 Nd4 30. Rxe4 Rxe4 31. Kg2 a6 32. Ra2 Re2 33. Ra1 Nb3
34. Rb1 Nd4 35. Rd1 Nf5 36. Bf4 Re8 37. Rd3 Ng7 38. Bd2 f6 39. Bc3 Kf7 40. Rf3
Re6 41. g4 h5 42. g5 Nf5 43. Rf4 0-1

[Event "Bad Woerishofen Sen"]
[Site "Bad Woerishofen"]
[Date "2001.??.??"]
[Round "4"]
[White "Franz, Irma"]
[Black "Koenigl, Anton"]
[Result "0-1"]
[WhiteElo "1370"]
[BlackElo "1741"]
[Annotator "ChessOrg"]
[PlyCount "98"]
[EventDate "1998.03.05"]
[Source "ChessBase"]
[SourceDate "1998.04.29"]

1. d4 Nf6 2. Nc3 d5 3. Nf3 e6 4. a3 c5 5. dxc5 Bxc5 6. e3 O-O 7. Be2 a6 8. O-O
Qc7 9. b4 Bxb4 10. axb4 Qxc3 11. Ba3 Re8 12. Qd3 Qc7 13. h3 Bd7 14. Qb3 Nc6 15.
Bb2 Ne4 16. Rfd1 Na7 17. Be5 Qc8 18. Bd4 Nb5 19. Bxb5 Bxb5 20. Nd2 Nd6 21. c3
Qc6 22. Rdc1 e5 23. Bc5 Nc4 24. Nxc4 dxc4 25. Qd1 b6 26. Qd6 bxc5 27. bxc5 Qxd6
28. cxd6 Ra7 29. Rd1 Rd7 30. Rd5 f6 31. f3 Red8 32. Rad1 Kf7 33. Kf2 Ke6 34. e4
Rxd6 35. Rxd6+ Rxd6 36. Rxd6+ Kxd6 37. Ke2 Ba4 38. Kd2 Kc5 39. Kc1 a5 40. g3 h5
41. g4 h4 42. Kd2 g5 43. Kc1 Bb3 44. Kd2 a4 45. Kc1 a3 46. Kb1 Bd1 47. Ka2 Bxf3
48. Kxa3 Bxe4 49. Kb2 Bg2 0-1

[Event "Bad Woerishofen Sen"]
[Site "Bad Woerishofen"]
[Date "2001.??.??"]
[Round "6"]
[White "Franz, Irma"]
[Black "Aufmwasser, Guenter"]
[Result "1-0"]
[WhiteElo "1370"]
[BlackElo "1681"]
[Annotator "ChessOrg"]
[PlyCount "55"]
[EventDate "1998.03.05"]
[Source "ChessBase"]
[SourceDate "1998.04.29"]

1. d4 Nf6 2. Nf3 c5 3. e3 cxd4 4. Nxd4 Nc6 5. c3 Nxd4 6. Qxd4 g6 7. Be2 Bg7 8.
Qd1 b6 9. O-O Bb7 10. f3 O-O 11. Nd2 Rc8 12. Nb3 Ne8 13. Bd3 f5 14. Qe2 e5 15.
Ba6 Nd6 16. Bxb7 Nxb7 17. f4 Qc7 18. Bd2 Nd6 19. Be1 Ne4 20. g3 Rce8 21. Qd3 d6
22. Rd1 Rd8 23. Qd5+ Kh8 24. Nd2 Nf6 25. Qd3 b5 26. Qxb5 Rb8 27. Qc4 Rxb2 28.
Qxc7 1-0

[Event "Bad Woerishofen Sen"]
[Site "Bad Woerishofen"]
[Date "2001.??.??"]
[Round "9"]
[White "Franz, Irma"]
[Black "Bergmeister, E."]
[Result "1/2-1/2"]
[WhiteElo "1370"]
[BlackElo "1691"]
[Annotator "ChessOrg"]
[PlyCount "42"]
[EventDate "1998.03.05"]
[Source "ChessBase"]
[SourceDate "1998.04.29"]

1. d4 d5 2. Nf3 Nf6 3. g3 Bf5 4. Bg2 e6 5. O-O Nbd7 6. c3 c6 7. Bf4 Ne4 8. Nbd2
g5 9. Be3 f6 10. Ne1 h5 11. Nxe4 Bxe4 12. f3 Bg6 13. f4 g4 14. Nd3 Bd6 15. Nc5
Qe7 16. Nxb7 Rb8 17. Nxd6+ Qxd6 18. Qd2 f5 19. Bf2 Nf6 20. b3 Ne4 21. Qe3 Nxf2
1/2-1/2

[Event "Bad Woerishofen Sen"]
[Site "Bad Woerishofen"]
[Date "2001.??.??"]
[Round "2"]
[White "Ganslmayer, Herbert"]
[Black "Aufmwasser, Guenter"]
[Result "1-0"]
[WhiteElo "1741"]
[BlackElo "1681"]
[Annotator "ChessOrg"]
[PlyCount "113"]
[EventDate "1998.03.05"]
[Source "ChessBase"]
[SourceDate "1998.04.29"]

1. d4 Nf6 2. e3 g6 3. f4 Bg7 4. c3 O-O 5. Nf3 b6 6. Nbd2 Bb7 7. Bc4 a5 8. O-O
Ba6 9. Qe1 d5 10. Bxa6 Rxa6 11. Ne5 Ne4 12. Ndf3 b5 13. Qe2 c6 14. Bd2 Nd7 15.
Nxd7 Qxd7 16. a4 Rb8 17. b4 axb4 18. cxb4 Rba8 19. a5 e6 20. Rfc1 Rc8 21. Be1
Qe7 22. Ra2 Nd6 23. Bc3 Ne4 24. Be1 Nd6 25. Bh4 Qe8 26. Ne1 Ne4 27. Nd3 f5 28.
Be1 Qd7 29. Rac2 Qe8 30. Nb2 Rca8 31. g4 Qd7 32. Nd3 Rc8 33. h4 Qf7 34. Nc5
Nxc5 35. Rxc5 Qd7 36. g5 Bf8 37. R5c2 Bd6 38. Kg2 Rc7 39. Kg3 Qe7 40. Rb1 h5
41. gxh6 Qh7 42. Bc3 Qxh6 43. Rg1 Rh7 44. Qh2 Kf7 45. Rcg2 g5 46. hxg5 Qxg5+
47. Kf3 Rxh2 48. Rxg5 Rh7 49. Bd2 Be7 50. Rg8 Bf6 51. Rc8 Rh2 52. Rc7+ Be7 53.
Be1 Rh8 54. Bf2 Ke8 55. Rg7 Bd8 56. Rc8 Kf8 57. Rd7 1-0

[Event "Bad Woerishofen Sen"]
[Site "Bad Woerishofen"]
[Date "2001.??.??"]
[Round "4"]
[White "Ganslmayer, Herbert"]
[Black "Malin, Klaus"]
[Result "0-1"]
[WhiteElo "1741"]
[BlackElo "1616"]
[Annotator "ChessOrg"]
[PlyCount "144"]
[EventDate "1998.03.05"]
[Source "ChessBase"]
[SourceDate "1998.04.29"]

1. d4 d5 2. e3 Nf6 3. f4 Bf5 4. Nf3 e6 5. Bd3 Bxd3 6. Qxd3 Be7 7. Nbd2 h6 8.
O-O O-O 9. Ne5 Nbd7 10. c3 c5 11. Ndf3 c4 12. Qe2 Ne4 13. Nxd7 Qxd7 14. Ne5 Qc8
15. Bd2 a6 16. Rf3 f5 17. Raf1 Bd6 18. Rh3 Rf6 19. Be1 Qe8 20. Kh1 Bxe5 21.
fxe5 Rg6 22. Rg1 Rg4 23. Rf3 Ng5 24. Rff1 Ne4 25. h3 Ng3+ 26. Bxg3 Rxg3 27. Kh2
Qg6 28. Rf4 Rg5 29. Qf2 b5 30. Rf1 Rd8 31. Qf3 a5 32. Rf2 b4 33. g3 h5 34. Rg2
Qh6 35. Qf2 g6 36. Rh4 Qf8 37. Qf4 Qe7 38. g4 fxg4 39. hxg4 Rf8 40. Qg3 Qh7 41.
Qh3 Qf7 42. gxh5 Rxg2+ 43. Qxg2 Qf2 44. Rg4 Qxg2+ 45. Kxg2 Rf5 46. Rxg6+ Kf7
47. Rh6 Rg5+ 48. Kf2 Rg7 49. Kf3 Rg1 50. Rh7+ Ke8 51. h6 bxc3 52. bxc3 Rh1 53.
Rh8+ Kf7 54. h7 Kg7 55. Ra8 Kxh7 56. Rxa5 Kg6 57. Ra8 Rf1+ 58. Ke2 Ra1 59. Ra7
Rb1 60. Kd2 Rb2+ 61. Kc1 Re2 62. a4 Kf5 63. Rf7+ Ke4 64. a5 Kd3 65. a6 Ra2 66.
a7 Kxc3 67. Kb1 Ra6 68. Rd7 Kd3 69. Rd6 Rxa7 70. Rxe6 Kxe3 71. Rd6 Kxd4 72. e6
Re7 0-1

[Event "Bad Woerishofen Sen"]
[Site "Bad Woerishofen"]
[Date "2001.??.??"]
[Round "6"]
[White "Ganslmayer, Herbert"]
[Black "Wendel, Walter"]
[Result "1-0"]
[WhiteElo "1741"]
[BlackElo "1418"]
[Annotator "ChessOrg"]
[PlyCount "123"]
[EventDate "1998.03.05"]
[Source "ChessBase"]
[SourceDate "1998.04.29"]

1. d4 Nf6 2. e3 d5 3. f4 Bf5 4. Nf3 Nbd7 5. Nbd2 e6 6. Be2 c5 7. Ne5 cxd4 8.
exd4 Rc8 9. O-O Bxc2 10. Qe1 Bb4 11. a3 Bxd2 12. Bxd2 Be4 13. Bb4 Nxe5 14. fxe5
Nd7 15. Qf2 Bg6 16. Bd3 f5 17. Rac1 Rxc1 18. Rxc1 Kf7 19. Bd6 Qb6 20. Rc7 a6
21. Rxd7+ Ke8 22. Bc5 Qb3 23. Re7+ Kd8 24. Qc2 Qxc2 25. Bxc2 Kc8 26. Bd6 Re8
27. Rc7+ Kb8 28. Rxg7+ Ka8 29. Rc7 Rg8 30. b4 Ka7 31. Bc5+ Kb8 32. Bd6 Ka7 33.
a4 f4 34. Bd1 Be4 35. g3 fxg3 36. h4 g2 37. a5 Rg3 38. Rc8 b5 39. Rc7+ Ka8 40.
Bh5 Rh3 41. Rg7 Rh1+ 42. Kf2 Rf1+ 43. Ke3 g1=Q+ 44. Rxg1 Rxg1 45. Be8 Kb7 46.
Kf4 Bf5 47. Bh5 Kc8 48. Bf3 Kd7 49. h5 Ke8 50. h6 Kf7 51. Bc5 Kg6 52. Bf8 Rd1
53. Bxd1 Kf7 54. Bg7 Kg6 55. Kg3 Kg5 56. Bf8 Bg6 57. Be2 Be8 58. Bd3 Bg6 59.
Bxg6 Kxg6 60. Kg4 Kf7 61. Kg5 Kxf8 62. Kf6 1-0

[Event "Bad Woerishofen Sen"]
[Site "Bad Woerishofen"]
[Date "2001.??.??"]
[Round "8"]
[White "Ganslmayer, Herbert"]
[Black "Hausner, Alfreda"]
[Result "1-0"]
[WhiteElo "1741"]
[BlackElo "1670"]
[Annotator "ChessOrg"]
[PlyCount "105"]
[EventDate "1998.03.05"]
[Source "ChessBase"]
[SourceDate "1998.04.29"]

1. d4 d5 2. e3 c6 3. f4 Bf5 4. Nf3 e6 5. Be2 Nd7 6. O-O Be7 7. Bd2 h6 8. Be1
Ngf6 9. Nbd2 O-O 10. Bh4 Ne4 11. Bxe7 Qxe7 12. c3 Nxd2 13. Nxd2 Nf6 14. Nf3 Ne4
15. Qe1 Bg4 16. Bd3 Bxf3 17. Rxf3 f5 18. Kh1 Rf6 19. Rh3 Rg6 20. Bxe4 fxe4 21.
Qe2 Rf8 22. Rg1 Qf6 23. g4 Kf7 24. Rh5 Ke7 25. Qg2 Qf7 26. Qg3 Kd7 27. h4 Rf6
28. Re5 Re8 29. Rf1 g6 30. Kg2 Rh8 31. Kh3 Qf8 32. Rf2 Qf7 33. Rg2 g5 34. Rf2
Rg8 35. h5 gxf4 36. exf4 Rf8 37. f5 exf5 38. Rfxf5 Qg7 39. Qf4 Rxf5 40. Rxf5
Rxf5 41. Qxf5+ Ke7 42. Kg3 Qf7 43. Qe5+ Kd7 44. Qf4 Qxf4+ 45. Kxf4 Ke7 46. b3
Kf6 47. a4 b5 48. axb5 cxb5 49. c4 bxc4 50. bxc4 dxc4 51. d5 c3 52. Ke3 Ke5 53.
g5 1-0

[Event "Bad Woerishofen Sen"]
[Site "Bad Woerishofen"]
[Date "2001.??.??"]
[Round "1"]
[White "Garbe, Heinz"]
[Black "Greifzu, Helmut"]
[Result "0-1"]
[WhiteElo "1700"]
[BlackElo "2048"]
[Annotator "ChessOrg"]
[PlyCount "90"]
[EventDate "1998.03.05"]
[Source "ChessBase"]
[SourceDate "1998.04.29"]

1. d4 d5 2. Bf4 Nf6 3. Nf3 e6 4. h3 c5 5. c3 Nc6 6. e3 Bd6 7. Bxd6 Qxd6 8. Bb5
Bd7 9. O-O O-O 10. Nbd2 Rac8 11. Bxc6 Bxc6 12. Ne5 Nd7 13. Ndf3 f6 14. Nxd7
Bxd7 15. dxc5 Qxc5 16. Qd4 e5 17. Qxc5 Rxc5 18. Rfd1 Be6 19. Rd2 a5 20. Ne1
Rfc8 21. Nf3 Rc4 22. Rad1 b5 23. a3 b4 24. cxb4 axb4 25. axb4 Rxb4 26. Kh2 Rcb8
27. Kg3 Rxb2 28. Rxb2 Rxb2 29. Rc1 Rb7 30. Rc6 Kf7 31. Rc2 Rd7 32. Rd2 Ke7 33.
Kh2 h5 34. g3 g5 35. Ng1 Bf5 36. Ne2 Be4 37. f4 Rc7 38. Kg1 Ke6 39. Kf2 gxf4
40. gxf4 h4 41. fxe5 fxe5 42. Ng1 Rg7 43. Ne2 Rf7+ 44. Nf4+ exf4 45. exf4 Rxf4+
0-1

[Event "Bad Woerishofen Sen"]
[Site "Bad Woerishofen"]
[Date "2001.??.??"]
[Round "3"]
[White "Garbe, Heinz"]
[Black "Kraemer, Marianne"]
[Result "1-0"]
[WhiteElo "1700"]
[BlackElo "1500"]
[Annotator "ChessOrg"]
[PlyCount "99"]
[EventDate "1998.03.05"]
[Source "ChessBase"]
[SourceDate "1998.04.29"]

1. d4 e6 2. c4 b6 3. Nf3 Be7 4. Nc3 Bb7 5. e3 d6 6. Be2 Nf6 7. O-O O-O 8. Nd2
Nbd7 9. Bf3 Bxf3 10. Nxf3 h6 11. Qc2 c5 12. Rd1 Qc8 13. d5 e5 14. b3 Nh7 15. e4
Qd8 16. Rd3 f5 17. exf5 Rxf5 18. Ne4 Qf8 19. Qe2 g5 20. Bd2 Qg7 21. Ne1 Raf8
22. Rf3 Qf7 23. Rxf5 Qxf5 24. g4 Qg6 25. f3 Nhf6 26. Ng3 Rf7 27. h3 h5 28. Kg2
h4 29. Nf5 Kh7 30. Qd3 Ne8 31. Nxe7 Rxe7 32. Bxg5 Rf7 33. Qxg6+ Kxg6 34. Bxh4
Nef6 35. Bxf6 Nxf6 36. Rc1 Kg5 37. Rc2 e4 38. Re2 Kf4 39. fxe4 Re7 40. Nd3+ Kg5
41. e5 dxe5 42. Rxe5+ Rxe5 43. Nxe5 Ne8 44. Kg3 Nd6 45. h4+ Kf6 46. Kf4 Kg7 47.
g5 a6 48. a4 a5 49. h5 Nc8 50. Nd7 1-0

[Event "Bad Woerishofen Sen"]
[Site "Bad Woerishofen"]
[Date "2001.??.??"]
[Round "6"]
[White "Garbe, Heinz"]
[Black "Niebaum, Karl"]
[Result "1/2-1/2"]
[WhiteElo "1700"]
[BlackElo "1783"]
[Annotator "ChessOrg"]
[PlyCount "137"]
[EventDate "1998.03.05"]
[Source "ChessBase"]
[SourceDate "1998.04.29"]

1. d4 d5 2. Nf3 Nf6 3. e3 Bg4 4. Be2 e6 5. Nbd2 Bd6 6. h3 Bh5 7. c4 c6 8. a3
dxc4 9. Nxc4 Bc7 10. O-O Nbd7 11. b4 O-O 12. Bb2 Re8 13. Rc1 Rc8 14. Ncd2 Bg6
15. Nh4 Be4 16. Nxe4 Nxe4 17. Nf3 a6 18. Bd3 Ndf6 19. Qc2 Qd5 20. Rfd1 Ng5 21.
Nxg5 Qxg5 22. Qe2 e5 23. dxe5 Bxe5 24. Bxe5 Qxe5 25. Rc5 Qe7 26. Qc2 g6 27. Rc4
Rcd8 28. Be2 Rxd1+ 29. Qxd1 Nd5 30. Bf3 Nf6 31. Qd3 Qe5 32. Qd4 Qxd4 33. Rxd4
Kg7 34. Kf1 Re5 35. Ke1 a5 36. bxa5 Rxa5 37. a4 c5 38. Rc4 b6 39. Bc6 Kf8 40.
e4 Ne8 41. e5 Nc7 42. g3 Ne6 43. Kd2 Nd4 44. Rxd4 cxd4 45. Bb5 Ra8 46. Kd3 Rd8
47. f4 Ke7 48. g4 f6 49. exf6+ Kxf6 50. h4 h6 51. Ke4 g5 52. hxg5+ hxg5 53. f5
Rd6 54. Bc4 Rd7 55. Bb5 Rd6 56. Bc4 Ke7 57. Bd3 Kf6 58. Bb5 Rd8 59. Bd3 Ra8 60.
Bb5 Rh8 61. Kxd4 Rh2 62. Ke4 Rf2 63. Kd5 Rf4 64. Kc6 Rxg4 65. Kxb6 Rd4 66. a5
g4 67. a6 g3 68. a7 Rd8 69. Bc6 1/2-1/2

[Event "Bad Woerishofen Sen"]
[Site "Bad Woerishofen"]
[Date "2001.??.??"]
[Round "8"]
[White "Garbe, Heinz"]
[Black "Michalowski, Richard"]
[Result "1/2-1/2"]
[WhiteElo "1700"]
[BlackElo "1616"]
[Annotator "ChessOrg"]
[PlyCount "139"]
[EventDate "1998.03.05"]
[Source "ChessBase"]
[SourceDate "1998.04.29"]

1. d4 Nf6 2. Nf3 e6 3. e3 b6 4. Be2 Bb7 5. c4 c5 6. O-O Be7 7. a3 O-O 8. Nbd2
d5 9. dxc5 bxc5 10. Qb3 Qb6 11. Qxb6 axb6 12. cxd5 exd5 13. b3 Nbd7 14. Bb2
Rfd8 15. Rfd1 Ne8 16. Nf1 Bf6 17. Bxf6 Ndxf6 18. Ng3 Nd6 19. Nd2 g6 20. a4 Kg7
21. f3 Re8 22. Kf2 h5 23. Bd3 h4 24. Ngf1 Nh5 25. Re1 f5 26. g3 hxg3+ 27. hxg3
Nf6 28. Nb1 c4 29. bxc4 dxc4 30. Be2 b5 31. a5 b4 32. Nbd2 Ba6 33. Red1 Rec8
34. Rdc1 c3 35. Nb3 Bxe2 36. Kxe2 Nc4 37. Ra4 Rab8 38. a6 Nb2 39. Ra5 Nd7 40.
a7 Ra8 41. Rca1 Rc7 42. e4 fxe4 43. fxe4 Rb7 44. Ne3 Kf7 45. Kf3 Nd3 46. Ke2
N3e5 47. Nc2 Nc6 48. Ra6 Rb6 49. R6a4 Nf6 50. Ke3 Ne8 51. Kf4 Nd6 52. Ke3 Nc4+
53. Ke2 Nb2 54. R4a2 Rb7 55. Ra6 Rc7 56. Ke3 Nc4+ 57. Ke2 Nd6 58. Ke3 Nc8 59.
Ncd4 Nxd4 60. Kxd4 Rcxa7 61. Rxa7+ Rxa7 62. Rxa7+ Nxa7 63. Kc5 Ke6 64. Kxb4 Ke5
65. Kxc3 Kxe4 66. Nd2+ Kf5 67. Kd3 Nc6 68. Ke3 Ne5 69. Nf1 Kg4 70. Kf2 1/2-1/2

[Event "Bad Woerishofen Sen"]
[Site "Bad Woerishofen"]
[Date "2001.??.??"]
[Round "2"]
[White "Gebert, Herbert"]
[Black "Kahler, Kurt"]
[Result "0-1"]
[WhiteElo "1638"]
[BlackElo "1740"]
[Annotator "ChessOrg"]
[PlyCount "32"]
[EventDate "1998.03.05"]
[Source "ChessBase"]
[SourceDate "1998.04.29"]

1. b4 d5 2. Bb2 b6 3. e3 Bb7 4. Nf3 Nd7 5. Be2 f6 6. Nd4 Ne5 7. Ne6 Qd6 8. Nxf8
Nh6 9. Bxe5 fxe5 10. Nxh7 Rxh7 11. Bh5+ g6 12. Be2 O-O-O 13. c3 Rf8 14. Na3 Qf6
15. f3 Ng4 16. h3 Qh4+ 0-1

[Event "Bad Woerishofen Sen"]
[Site "Bad Woerishofen"]
[Date "2001.??.??"]
[Round "5"]
[White "Gebert, Herbert"]
[Black "Kuhnert, Werner"]
[Result "0-1"]
[WhiteElo "1638"]
[BlackElo "1116"]
[Annotator "ChessOrg"]
[PlyCount "42"]
[EventDate "1998.03.05"]
[Source "ChessBase"]
[SourceDate "1998.04.29"]

1. e4 e6 2. d4 d5 3. Nc3 Bb4 4. Qg4 Qf6 5. Nf3 Nc6 6. Bb5 Bd7 7. exd5 exd5 8.
Bxc6 bxc6 9. O-O Bxg4 10. Re1+ Ne7 11. Ne5 O-O-O 12. Nxg4 Qd6 13. Ne5 Rhf8 14.
Rd1 f6 15. Nd3 Bxc3 16. bxc3 Kb8 17. Re1 Ng6 18. Nc5 Rfe8 19. Rb1+ Ka8 20. Be3
Rxe3 21. fxe3 Rb8 0-1

[Event "Bad Woerishofen Sen"]
[Site "Bad Woerishofen"]
[Date "2001.??.??"]
[Round "7"]
[White "Gebert, Herbert"]
[Black "Ganslmayer, Herbert"]
[Result "0-1"]
[WhiteElo "1638"]
[BlackElo "1741"]
[Annotator "ChessOrg"]
[PlyCount "62"]
[EventDate "1998.03.05"]
[Source "ChessBase"]
[SourceDate "1998.04.29"]

1. e4 d5 2. exd5 Nf6 3. Bb5+ c6 4. dxc6 bxc6 5. Bc4 e5 6. d3 Qb6 7. Nc3 Be7 8.
Na4 Qc7 9. Be3 Nbd7 10. Nf3 Nb6 11. Nxb6 axb6 12. Qd2 b5 13. Bb3 c5 14. c4 b4
15. O-O Bg4 16. Ng5 O-O 17. f3 Bf5 18. Ne4 Rfd8 19. Qe2 Ra6 20. Rfd1 Bg6 21.
Qf2 Nd7 22. Bc2 f5 23. Ng5 f4 24. Bxf4 exf4 25. Ne4 Nf8 26. g3 Ne6 27. g4 Bxe4
28. dxe4 Bf6 29. Rxd8+ Qxd8 30. Rd1 Bd4 31. Rxd4 Qxd4 0-1

[Event "Bad Woerishofen Sen"]
[Site "Bad Woerishofen"]
[Date "2001.??.??"]
[Round "9"]
[White "Gebert, Herbert"]
[Black "Disselberger, Alfons"]
[Result "1-0"]
[WhiteElo "1638"]
[BlackElo "1313"]
[Annotator "ChessOrg"]
[PlyCount "109"]
[EventDate "1998.03.05"]
[Source "ChessBase"]
[SourceDate "1998.04.29"]

1. e4 e6 2. d4 d5 3. Nd2 c5 4. c3 cxd4 5. cxd4 Qa5 6. e5 Bd7 7. Qb3 Qb4 8. Ngf3
h6 9. a3 Qxb3 10. Nxb3 Ne7 11. Bd3 Nf5 12. Bd2 b6 13. O-O a5 14. Nc1 b5 15. Ne2
Be7 16. Nf4 O-O 17. Bxf5 exf5 18. Nxd5 Bd8 19. Rfc1 Na6 20. b4 a4 21. Rc3 Rc8
22. Rac1 Rxc3 23. Rxc3 Be6 24. Nf4 Bc4 25. Nd3 Be7 26. Nb2 Rc8 27. Nxc4 Rxc4
28. Rxc4 bxc4 29. d5 Kf8 30. Nd4 f6 31. d6 Bd8 32. e6 Nb8 33. e7+ Bxe7 34.
dxe7+ Kxe7 35. Nxf5+ Kd7 36. Ne3 Kc6 37. Nxc4 Kb5 38. Ne3 Nd7 39. Bc3 Nb6 40.
Kf1 Nc8 41. Ke2 Nd6 42. Kd3 Nf7 43. f4 Nd6 44. g4 Ne8 45. Nc2 g6 46. Nd4+ Kb6
47. Ne6 Kb5 48. h4 Kb6 49. Kd4 Kb5 50. Kd5 Kb6 51. g5 fxg5 52. fxg5 h5 53. Nf4
Nc7+ 54. Kc4 Kc6 55. Nxg6 1-0

[Event "Bad Woerishofen Sen"]
[Site "Bad Woerishofen"]
[Date "2001.??.??"]
[Round "1"]
[White "Geckle, Gerhard"]
[Black "Claus, Joachim"]
[Result "0-1"]
[WhiteElo "1531"]
[BlackElo "1790"]
[Annotator "ChessOrg"]
[PlyCount "62"]
[EventDate "1998.03.05"]
[Source "ChessBase"]
[SourceDate "1998.04.29"]

1. e4 d5 2. exd5 Nf6 3. c4 c6 4. Nc3 cxd5 5. cxd5 Nxd5 6. Bc4 Nxc3 7. bxc3 Qc7
8. Qb3 e6 9. Nf3 Nc6 10. O-O Bd7 11. Bd3 Bd6 12. Qc2 h6 13. Re1 Rc8 14. Bb2 Nb4
15. Qb1 Nxd3 16. Qxd3 O-O 17. Rac1 Rfd8 18. Qc2 Bc6 19. Re3 Bf4 20. Re2 Bxf3
21. gxf3 Bxh2+ 22. Kg2 Rd5 23. Re4 Bf4 24. Re2 Qd8 25. d4 Qg5+ 26. Kf1 Qh5 27.
Re4 Bxc1 28. Bxc1 Qxf3 29. Re3 Qh1+ 30. Ke2 Rxd4 31. Qb3 Qh5+ 0-1

[Event "Bad Woerishofen Sen"]
[Site "Bad Woerishofen"]
[Date "2001.??.??"]
[Round "7"]
[White "Geckle, Gerhard"]
[Black "Disselberger, Alfons"]
[Result "1-0"]
[WhiteElo "1531"]
[BlackElo "1313"]
[Annotator "ChessOrg"]
[PlyCount "91"]
[EventDate "1998.03.05"]
[Source "ChessBase"]
[SourceDate "1998.04.29"]

1. e4 e6 2. Nf3 d5 3. exd5 exd5 4. d4 Nf6 5. Bd3 Bg4 6. Be3 Bd6 7. Nbd2 O-O 8.
O-O c6 9. c3 Qc7 10. Qc2 h6 11. h3 Bh5 12. c4 Re8 13. c5 Bf8 14. g3 Nbd7 15.
Bf4 Qc8 16. Kh2 Bxf3 17. Nxf3 Nh5 18. Ne5 Nxe5 19. Bxe5 Re6 20. Bf5 Qd7 21. g4
Nf6 22. Bxf6 gxf6 23. Bxe6 fxe6 24. Qg6+ Bg7 25. f4 Qf7 26. Qxf7+ Kxf7 27. Rad1
Rh8 28. b4 f5 29. Kg3 Rb8 30. h4 b6 31. a3 b5 32. Rf3 fxg4 33. Kxg4 Rg8 34. Kh5
Kf6 35. Re1 Kf5 36. Rg1 Ke4 37. Rfg3 Kxd4 38. Rxg7 Rf8 39. R7g4 Ke4 40. Kxh6
Rf6+ 41. Kh5 Rf5+ 42. Kg6 a6 43. h5 d4 44. h6 Rf8 45. h7 Rd8 46. f5+ 1-0

[Event "Bad Woerishofen Sen"]
[Site "Bad Woerishofen"]
[Date "2001.??.??"]
[Round "9"]
[White "Geckle, Gerhard"]
[Black "Assaloni, Herbert"]
[Result "0-1"]
[WhiteElo "1531"]
[BlackElo "1720"]
[Annotator "ChessOrg"]
[PlyCount "98"]
[EventDate "1998.03.05"]
[Source "ChessBase"]
[SourceDate "1998.04.29"]

1. e4 e5 2. Nf3 Nc6 3. Bc4 Nd4 4. c3 Nxf3+ 5. Qxf3 Nf6 6. d3 Be7 7. O-O h6 8.
Qd1 O-O 9. f4 exf4 10. Bxf4 b5 11. Bb3 a5 12. e5 Nh7 13. Qf3 c6 14. Bxh6 gxh6
15. Bxf7+ Kh8 16. Nd2 Ng5 17. Qh5 Nxf7 18. Rxf7 Rxf7 19. Qxf7 Qf8 20. Rf1 Qxf7
21. Rxf7 Bg5 22. Ne4 Ba6 23. Nf6 Bxf6 24. exf6 Rd8 25. Re7 Kg8 26. f7+ Kf8 27.
Re8+ Rxe8 28. fxe8=Q+ Kxe8 29. Kf2 d5 30. d4 a4 31. a3 Kf7 32. Kg3 Kf6 33. Kf4
Bc8 34. h3 Bf5 35. g4 Bd3 36. h4 Bb1 37. g5+ hxg5+ 38. hxg5+ Ke6 39. Kg4 Bg6
40. Kf4 Bh5 41. Kg3 Kf5 42. Kh4 Bg6 43. Kg3 Ke4 44. Kg4 Kd3 45. Kf4 Kc2 46. Ke5
Kxb2 47. Kd6 Kxa3 48. Kxc6 Kb3 49. Kxb5 a3 0-1

[Event "Bad Woerishofen Sen"]
[Site "Bad Woerishofen"]
[Date "2001.??.??"]
[Round "1"]
[White "Geissler, Dieter"]
[Black "Antusch, Ingrid"]
[Result "1-0"]
[WhiteElo "2070"]
[BlackElo "1700"]
[Annotator "ChessOrg"]
[PlyCount "61"]
[EventDate "1998.03.05"]
[Source "ChessBase"]
[SourceDate "1998.04.29"]

1. e4 d5 2. exd5 Qxd5 3. Nf3 Nf6 4. d4 Bg4 5. Be2 Nc6 6. O-O e6 7. h3 Bf5 8. a3
Be7 9. c4 Qd7 10. Be3 O-O 11. Nc3 Rfd8 12. b4 a6 13. Qb3 Rab8 14. Rad1 Ne4 15.
d5 Nxc3 16. Qxc3 Bf6 17. Qc1 Ne7 18. g4 Be4 19. g5 exd5 20. gxf6 Qxh3 21. fxe7
Qg4+ 22. Kh2 Rd6 23. Bf4 Qh5+ 24. Kg2 Rg6+ 25. Bg3 Re8 26. Rh1 Qg4 27. cxd5
Rxe7 28. d6 cxd6 29. Rh4 Qd7 30. Rxe4 Rxe4 31. Bd3 1-0

[Event "Bad Woerishofen Sen"]
[Site "Bad Woerishofen"]
[Date "2001.??.??"]
[Round "3"]
[White "Geissler, Dieter"]
[Black "Margraf, Achim"]
[Result "1/2-1/2"]
[WhiteElo "2070"]
[BlackElo "1913"]
[Annotator "ChessOrg"]
[PlyCount "120"]
[EventDate "1998.03.05"]
[Source "ChessBase"]
[SourceDate "1998.04.29"]

1. e4 c5 2. Nf3 e6 3. c3 Qa5 4. Bc4 b5 5. Bb3 Bb7 6. Qe2 Nc6 7. O-O d6 8. d4 c4
9. Bc2 Nce7 10. Bf4 Ng6 11. Bg3 Nf6 12. Nbd2 Nh5 13. a4 Nxg3 14. hxg3 b4 15.
Nxc4 Qh5 16. cxb4 d5 17. Na5 dxe4 18. Bxe4 Bxe4 19. Qxe4 Qd5 20. Qxd5 exd5 21.
Nc6 f6 22. b5 Kd7 23. Nd2 h5 24. Nb3 h4 25. Nc5+ Kc8 26. Rfe1 Bd6 27. Re6 Bc7
28. Rae1 Bb6 29. Re8+ Kc7 30. Rxa8 Rxa8 31. Ne6+ Kd6 32. Nxg7 hxg3 33. Nf5+ Kd7
34. Nxg3 a6 35. Nh5 axb5 36. axb5 Ra2 37. Nxf6+ Kd6 38. Ne8+ Kd7 39. Nf6+ Kd6
40. Rd1 Rxb2 41. Ng4 Rxb5 42. Nce5 Nf4 43. Kf1 Bxd4 44. Nf3 Bb6 45. g3 Ne6 46.
Nd2 Rb4 47. Nf6 Kc6 48. Nf3 d4 49. Ne5+ Kd6 50. Nd3 Rb3 51. Kg2 Bd8 52. Ng4 Kd5
53. f4 Ng7 54. Nde5 Nf5 55. Nf3 Rb2+ 56. Rd2 Rxd2+ 57. Nxd2 Bc7 58. Kf3 Nxg3
59. Kxg3 Bxf4+ 60. Kxf4 d3 1/2-1/2

[Event "Bad Woerishofen Sen"]
[Site "Bad Woerishofen"]
[Date "2001.??.??"]
[Round "5"]
[White "Geissler, Dieter"]
[Black "Zoltek, Tadeusz"]
[Result "0-1"]
[WhiteElo "2070"]
[BlackElo "2304"]
[Annotator "ChessOrg"]
[PlyCount "62"]
[EventDate "1998.03.05"]
[Source "ChessBase"]
[SourceDate "1998.04.29"]

1. e4 c5 2. Nf3 Nc6 3. d4 cxd4 4. Nxd4 e5 5. Nb3 Bb4+ 6. c3 Be7 7. Be3 Nf6 8.
Bc4 O-O 9. f3 b6 10. Qd3 Bb7 11. O-O Qc7 12. Rd1 Rad8 13. Qe2 Nb8 14. Bd5 Nxd5
15. exd5 Ba6 16. Qe1 d6 17. Qg3 f5 18. Bg5 f4 19. Qh4 Bxg5 20. Qxg5 Rf6 21.
N1d2 Bd3 22. Rac1 Rh6 23. c4 Rf8 24. Ne4 Bxe4 25. fxe4 Qd7 26. Rc2 Na6 27. Rc3
f3 28. Kh1 Rg6 29. Qh5 fxg2+ 30. Kg1 Qf7 31. Qe2 Qf1+ 0-1